Страны, в которых есть McDonald's (2025) - Statistics

General Stats
  • This quiz has been taken 81 times
    79 since last reset
  • The average score is 75 of 97
Answer Stats
Страна % Correct
Канада
96%
Латвия
96%
Соединённые Штаты Америки
96%
Япония
96%
Австралия
94%
Литва
94%
Финляндия
94%
Швеция
94%
Аргентина
91%
Германия
91%
Китай
91%
Мексика
91%
Украина
91%
Швейцария
91%
Эстония
91%
Австрия
89%
Бразилия
89%
Индия
89%
Великобритания
87%
Греция
87%
Египет
87%
Индонезия
87%
Норвегия
87%
Польша
87%
Словакия
87%
Южно-Африканская Республика
87%
Бельгия
85%
Венесуэла
85%
Израиль
85%
Колумбия
85%
Молдова
85%
Новая Зеландия
85%
Португалия
85%
Республика Корея
85%
Франция
85%
Болгария
83%
Грузия
83%
Испания
83%
Италия
83%
Казахстан
83%
Объединённые Арабские Эмираты
83%
Перу
83%
Румыния
83%
Сербия
83%
Словения
83%
Чили
83%
Азербайджан
81%
Ирак
81%
Ирландия
81%
Нидерланды
81%
Сингапур
81%
Турция
81%
Хорватия
81%
Чехия
81%
Дания
79%
Кипр
79%
Лихтенштейн
79%
Люксембург
79%
Панама
79%
Вьетнам
77%
Малайзия
77%
Саудовская Аравия
77%
Таиланд
77%
Андорра
74%
Катар
74%
Венгрия
72%
Коста-Рика
72%
Марокко
72%
Монако
72%
Оман
72%
Пакистан
72%
Узбекистан
72%
Уругвай
72%
Фиджи
72%
Тайвань
68%
Филиппины
68%
Эквадор
68%
Бахрейн
66%
Гватемала
66%
Гондурас
66%
Иордания
66%
Ливан
66%
Сальвадор
66%
Суринам
66%
Парагвай
64%
Доминиканская Республика
62%
Мальта
60%
Никарагуа
60%
Гайана
57%
Барбадос
55%
Кувейт
51%
Самоа
51%
Тринидад и Тобаго
49%
Багамские острова
47%
Бруней
47%
Маврикий
47%
Сент-Винсент и Гренадины
32%
No matching quizzes found
Score Distribution
Percent of People with Each Score
Percentile by Number Answered
Your Score History
You have not taken this quiz since the last reset